000 00396nam a22001697a 4500
003 OSt
008 220616b ||||| |||| 00| 0 eng d
020 _a9789332555303
082 _a006.6 JRC
100 _aJR,Hill francis S
245 _aComputer Graphics using Open GL
250 _a3rd
260 _aNoida
_bPearson
_c2022
300 _a778
700 _aKelley,Stephen M
942 _2ddc
_cBK
999 _c11399
_d11399